000 00339 a2200157 4500
001 75732
020 _a8516011070
040 _cAnchieta - Colégio São Paulo
100 _aBandeira, Pedro
240 1 0 _aAnjo da morte
_lpor
245 1 0 _aAnjo da morte
300 _a142
362 0 _a1994
650 4 _aLiteratura juvenil
942 _cBK
999 _c75732
_d75732